The Monitors /

Furkejuvvon:
Bibliográfalaš dieđut
Váldodahkki: Laumer, Keith (autor)
Materiálatiipa: Girji
Giella:eaŋgalasgiella
Almmustuhtton: Nueva York, EUA : Berkley Books, 1966, c1966
Fáddágilkorat: Lasit fáddágilkoriid
Eai fáddágilkorat, Lasit vuosttaš fáddágilkora!

MARC

LEADER 00000nam^a2200000^a^4500
001 000582151
005 20250521000000.0
009 20260310132624.792
037 |a Acervo ITESO - Biblioteca 
041 |a ING 
091 |a FAW. 00997 
100 |a Laumer, Keith  |e (autor) 
245 1 4 |a The Monitors / 
264 4 |a Nueva York, EUA :  |b Berkley Books,  |c 1966, c1966 
300 |a 160 p. 
336 |a texto  |b txt  |2 rdacontenido 
337 |a sin mediación  |b n  |2 rdamedio 
338 |a volumen  |b nc  |2 rdasoporte 
649 |a XX 
910 |a Fondo Adolfo J. Wriedt Kentzler 
920 |a Impresos - Libros 
930 |a Fondos Especiales 
940 |a Literatura 
905 |a 128 
901 |a 0500411372  |b IT2  |c ESP  |i D85794  |u 20250521 
902 |a https://opac.biblio.iteso.mx/vufind/Record/000582151